| 000 | 00784nam a22001937a 4500 | ||
|---|---|---|---|
| 003 | BD-DhUL | ||
| 005 | 20190417155736.0 | ||
| 008 | 190417s2019 bg ||||| |||| 00| 0 ben | ||
| 020 | _a9789849237914 | ||
| 040 |
_aBD-DhUL _cBD-DhUL |
||
| 082 |
_222 _a320.95492 _bDAO |
||
| 100 | _aদত্ত, প্রাণ গোপাল । | ||
| 245 |
_aঅবিচল সতর্কতা : _bস্বাধীনতার মূল লক্ষ্য / _cলেখক, প্রাণ গোপাল দত্ত । |
||
| 260 |
_aঢাকা : _bউৎস, _c২০১৯ । |
||
| 300 |
_a১১২ পৃ. ; _c২২ সেমি |
||
| 651 | 0 |
_aবাংলাদেশ _xরাজনীতি ও সরকার |
|
| 651 | 0 |
_aBangladesh _xPolitics and government |
|
| 942 |
_2ddc _cBK |
||
| 999 |
_c247732 _d247732 |
||